000 00937cam a2200253 i 4500
003 SA-RiAUC
005 20250611093705.0
008 250605s1991 su g b 0000p ara c
040 _aSA-RiAUC
_bara
_cSA-RiAUC
_erda
082 0 4 _a811.062
090 _a811.062
_b م هـ ل
245 0 0 _aمهلا يا جامع الدنيا /
_cجمع وترتيب محمد بن أحمد سيد أحمد.
264 1 _aجدة :
_bمكتبة دار الوفاء،
_c1991
300 _a80 صفحة ؛
_c24 سم
336 _aنص
_btxt
_2rdacontent
_3كتاب
337 _aبدون وسيط
_bn
_2rdamedia
338 _aمجلد
_bnc
_2rdacarrier
504 _aببليوجرافية : صفحة 75-77.
650 7 _aالإسلام
_vمتفرقات
_2aucsh
650 7 _aالشعر الديني
_2aucsh
700 1 _aأحمد، محمد بن أحمد سيد،
_d1968-
_eجامع.
942 _2ddc
_cBOOK
_n0
949 _aSA-JeALM
_d250605
_umohamedma123
_n1
999 _c8835
_d8835